000 00598nam a2200205 a 4500
008 951121s1986||||[C 0 slo c
020 _c26 Kčs.
_q(2000 výtl.)
040 _aSNK
_bslo
_cSNK
_eAACR2
041 1 _aslo
_hslo
044 _axo
_cSK
080 _a140.8
100 1 _aSemak, Oleg
_4aut
245 1 0 _aČlovek a svetonázor
_cOleg Semak ; Miroslav Zubek
250 _a1., vyd.
260 _aBratislava
_bPravda
_c1986
_eBratislava
_fPravda
300 _a213 s., 11,81 AH
_c21 cm
500 _aLit. 421. 421 zázn. v slov., češ. a ruš.
700 1 _aZubek, Miroslav
_4bkd
958 _aA
999 _c15502
_d15502